Bezúročná pôžička a daň z príjmov zo závislej činnosti
Spôsob zdanenia peňažného zvýhodnenia plynúceho zamestnancom v súvislosti s poskytovaním pôžičiek zamestnávateľom daňou z príjmov fyzických osôb. Právny rámec poskytovania pôžičiek a úrokov. Daňová kvalifikácia bezúročnej pôžičky. Výška zdaniteľného príjmu zamestnanca. Spôsob zdanenia bezúročnej pôž...
Gespeichert in:
| 1. Verfasser: | |
|---|---|
| Format: | Buchkapitel |
| Sprache: | Slowakisch |
| Schlagworte: | |
| Tags: |
Keine Tags, Fügen Sie das erste Tag hinzu!
|
MARC
| LEADER | 00000naa a2200000 4500 | ||
|---|---|---|---|
| 001 | r033717 | ||
| 005 | 20230926073102.1 | ||
| 041 | 0 | |a slo | |
| 044 | |a SK | ||
| 245 | 1 | 0 | |a Bezúročná pôžička a daň z príjmov zo závislej činnosti |c Imrich Fekete |
| 520 | |a Spôsob zdanenia peňažného zvýhodnenia plynúceho zamestnancom v súvislosti s poskytovaním pôžičiek zamestnávateľom daňou z príjmov fyzických osôb. Právny rámec poskytovania pôžičiek a úrokov. Daňová kvalifikácia bezúročnej pôžičky. Výška zdaniteľného príjmu zamestnanca. Spôsob zdanenia bezúročnej pôžičky alebo úveru. Bezúročná pôžička poskytnutá zo sociálneho fondu. Praktické príklady. | ||
| 610 | 2 | 0 | |a pôžičky |
| 610 | 2 | 0 | |a zamestnanci |
| 610 | 2 | 0 | |a príjmy |
| 610 | 2 | 0 | |a dane z príjmov |
| 610 | 2 | 0 | |a úver |
| 610 | 2 | 0 | |a úrok |
| 610 | 2 | 0 | |a zdaňovanie |
| 610 | 2 | 0 | |a fond sociálny |
| 100 | 1 | |a Fekete, Imrich | |